00492nam a22001457a 4500003000500000038001800005082000800023100002500031245012000056264003500176300001100211650002600222700004000248856005800288NUST aNusrat Nadeem a200 aHafiz Mati Ur Rahman aImplementation of Open Models for Fully / Partially Disaggregated SDN based Optical Networks/cHafiz Mati Ur Rahman aIslamabad:bSEECS NUST;c2024. a173,p; aPhD- Computer Science aSupervisor Dr. Salman Abdul Ghafoor u http://10.250.8.41:8080/xmlui/handle/123456789/49150